000 00665nam a2200241Ia 4500
003 OSt
005 20220918230608.0
006 a|||||r|||| 00| 0
007 ta
008 220917b |||||||| |||| 00| 0 eng d
024 _a256,271
037 _cTextual
040 _aARTS
_cARTS
_beng
041 _2eng
_aeng
082 _aG:5.6, L3
100 _aOwen D F
_9152910
245 0 _aMan's environmental predicament
_b introduction to human ecology in tropical Africa
260 _aLondon
_bOxford University Press
_c1973
300 _a167p
_ccm.
650 _aBIOLOGY
_97
942 _hG:5.6, L3
_cTEXL
_2CC
999 _c288474
_d288474